|
|
|
|
| LEADER |
00000nab a2200000 a 4500 |
| 001 |
vtls000232564 |
| 003 |
SK-MaSNL |
| 005 |
20260304023621.0 |
| 008 |
140416c1985 xo 0 slo |
| 015 |
|
|
|a SNBRB19rr/mm-uuuuu
|
| 035 |
|
|
|a CL0242678
|
| 040 |
|
|
|a SNKBUCL
|b slo
|c SNKBUCL
|e AACR2
|
| 041 |
0 |
|
|a slo
|
| 044 |
|
|
|a xo
|c SK
|
| 080 |
|
|
|a 82:061.7:06.063:82.085
|2 1981
|
| 080 |
|
|
|a 061.7
|2 1981
|
| 080 |
|
|
|a 06.063
|2 1981
|
| 080 |
|
|
|a 82.085
|2 1981
|
| 080 |
|
|
|a 792.2
|2 1981
|
| 100 |
1 |
|
|a Findra, Ján,
|d 1934-2019
|4 aut
|9 187447
|
| 245 |
1 |
0 |
|a Jubilejný Akademický Prešov a umelecký prednes
|c Ján Findra ; Vladimír Hák
|
| 300 |
|
|
|b Fot. 2.
|
| 650 |
0 |
7 |
|a recitácie
|2 snkbucl
|9 31371
|
| 650 |
0 |
7 |
|a Akademický Prešov 1985
|2 snkbucl
|9 928519
|
| 655 |
|
7 |
|a články z novín a časopisov
|2 snkbucl
|9 267496
|
| 655 |
|
7 |
|a články z odboru literárna veda a krásna literatúra
|2 snkbucl
|9 770045
|
| 700 |
1 |
|
|a Hák, Vladimír,
|d 1946-2005
|4 ill
|9 195430
|
| 773 |
0 |
|
|t Javisko
|g Roč. 17, č. 11 (1985), s. 607-611
|
| 850 |
|
|
|a Slovenská národná knižnica v Martine
|a MTA001
|
| 852 |
|
|
|a SNK
|b KIS3GCP
|
| 958 |
|
|
|a RK
|
| 958 |
|
|
|a LX
|
| 992 |
|
|
|a RBX
|
| 999 |
|
|
|c 2617439
|d 2619369
|